<?xml version="1.0" encoding="UTF-8"?>
<record
    xmlns:xsi="http://www.w3.org/2001/XMLSchema-instance"
    xsi:schemaLocation="http://www.loc.gov/MARC21/slim http://www.loc.gov/standards/marcxml/schema/MARC21slim.xsd"
    xmlns="http://www.loc.gov/MARC21/slim">

  <leader>00856nab a2200229uuc4500</leader>
  <controlfield tag="001">1404513</controlfield>
  <controlfield tag="005">20240621085905.0</controlfield>
  <controlfield tag="008">150325e20140705                    spa  </controlfield>
  <datafield tag="035" ind1=" " ind2=" ">
    <subfield code="a">1404513</subfield>
  </datafield>
  <datafield tag="040" ind1=" " ind2=" ">
    <subfield code="c">comduadb</subfield>
  </datafield>
  <datafield tag="041" ind1=" " ind2=" ">
    <subfield code="a">spa</subfield>
  </datafield>
  <datafield tag="100" ind1="1" ind2="0">
    <subfield code="a">Garcia Duque, Carlos Emilio</subfield>
    <subfield code="4">aut</subfield>
    <subfield code="e">aut</subfield>
    <subfield code="9">431599</subfield>
  </datafield>
  <datafield tag="245" ind1="1" ind2="0">
    <subfield code="a">Principales retos para el desarrollo de actividades de ciencia tecnolog&#xED;a e innovaci&#xF3;n en la regi&#xF3;n</subfield>
  </datafield>
  <datafield tag="650" ind1=" " ind2="7">
    <subfield code="a">Ciencia y tecnolog&#xED;a</subfield>
    <subfield code="2">lemb</subfield>
    <subfield code="9">44988</subfield>
  </datafield>
  <datafield tag="650" ind1=" " ind2="7">
    <subfield code="a">Innovaci&#xF3;n</subfield>
    <subfield code="2">Tesauro Unesco</subfield>
    <subfield code="9">38847</subfield>
  </datafield>
  <datafield tag="650" ind1=" " ind2=" ">
    <subfield code="a">Colciencias</subfield>
    <subfield code="9">37180</subfield>
  </datafield>
  <datafield tag="650" ind1=" " ind2=" ">
    <subfield code="a">Pol&#xED;tica de investigacion - Colombia</subfield>
    <subfield code="9">40502</subfield>
  </datafield>
  <datafield tag="650" ind1=" " ind2=" ">
    <subfield code="a">Investigaci&#xF3;n en la universidad</subfield>
    <subfield code="9">11506</subfield>
  </datafield>
  <datafield tag="650" ind1=" " ind2=" ">
    <subfield code="a">Universidad - Empresa - Estado</subfield>
    <subfield code="9">212357</subfield>
  </datafield>
  <datafield tag="773" ind1="0" ind2=" ">
    <subfield code="t">&#xC1;nfora (Manizales)</subfield>
    <subfield code="g">Volumen 21, N&#xFA;mero 37, Julio-Diciembre 2014, 11-17</subfield>
    <subfield code="w">322966</subfield>
    <subfield code="x">0121-6538</subfield>
    <subfield code="0">106376</subfield>
  </datafield>
  <datafield tag="942" ind1=" " ind2=" ">
    <subfield code="c">ARIMP</subfield>
  </datafield>
  <datafield tag="999" ind1=" " ind2=" ">
    <subfield code="c">710821</subfield>
    <subfield code="d">710821</subfield>
  </datafield>
</record>
